000 00506nam a2200193Ia 4500
008 240510s9999 xx 000 0 und d
020 _a0000131640623
041 _aEng
082 _a004.0151
082 _bL28
100 _aLEW, Art
245 0 _aComputer science: a mathematical introduction
260 _bEnglewood Cliffs, NJ : Prentice Hall
260 _c1985
300 _a421 p.
650 _aMathematics : applied mathematics : optimaization techniques
942 _2ddc
942 _cLBK
999 _c24679
_d24679
945 _a1
_bMadushi Gamage
_c1
_dMadushi Gamage